| 000 | 01211nam a2200229Ia 4500 | ||
|---|---|---|---|
| 003 | Ost | ||
| 005 | 20260507075647.0 | ||
| 008 | 260507s9999||||xx |||||||||||||| ||und|| | ||
| 040 | _cfsecg | ||
| 041 | _aara | ||
| 082 | _a658.72 | ||
| 100 |
_aإدريس، ثابت عبد الرحمن _eمؤلف |
||
| 245 | 0 |
_aإدارة الشراء والإمداد / _c ثابت عبد الرحمن إدريس |
|
| 260 |
_aالإسكندرية: _bالدار الجامعية, _c2005 |
||
| 300 |
_a423 صفحة؛ _bإيضاحات ؛ _c24 سم |
||
| 520 | _aطبيعة وظيفة الشراء والإمداد- دورة إدارة المشتريات والإمداد في منظمات الأعمال- أهداف وسياسات وظيفة الشراء والإمداد- النواحي التنظيمية لوظيفة الشراء- تحديد الإحتياجات الشرائية- إدارة مصادر التوريد- إدارة التوزيع المادي- قضايا خاصة في إدارة الإحتياجات. | ||
| 653 | _aإدارة المشتريات | ||
| 653 | _aالإمداد | ||
| 653 | _aالشراء | ||
| 700 |
_aالمرسي، جمال الدين محمد _eمؤلف ثانوي |
||
| 942 | _cكتاب | ||
| 999 |
_c45524 _d45524 |
||